000 00516nam a2200193Ia 4500
005 20240823032338.0
008 240823s9999||||xx |||||||||||||| ||und||
020 _a978-81-203-2648-2
041 _aENGLISH
082 _A004.605 Q2
100 _aITL Education Solutions Limited
245 0 _aData Communications and Computer Networks
250 _a1st
260 _c2012
_bITL Education Solution Li
500 _aYES
650 _aData Communication
_bInformation Technology
942 _cBK
999 _c193228
_d193228